| 000 | 00732cam a2200265 4500 | ||
|---|---|---|---|
| 001 | B889 | ||
| 008 | 090401t1987 xxu||||| |||| 00| 0 eng d | ||
| 035 | _a(Sirsi) u38552 | ||
| 041 | _aeng | ||
| 050 | _a690.23 | ||
| 110 |
_aCommonwealth Association of Surveying and Land Economy _92570 |
||
| 245 | _aConstruction cost information. | ||
| 260 |
_aLondon _bCASLE _c1987 |
||
| 300 | _aca.100p ; 30cm. | ||
| 350 | _a0 | ||
| 490 |
_aProject Manual _v4 |
||
| 650 | _aBUILT ENVIRONMENT-BUILDING COSTS | ||
| 650 | _aCOST ANALYSES | ||
| 650 | _aCOST PLANNING AND CONTROL | ||
| 650 | _aTENDER PRICES | ||
| 690 | _aBUILT ENVIRONMENT-BUILDING COSTS | ||
| 700 |
_aRobertson, Douglas. _xEditor |
||
| 942 | _n0 | ||
| 948 | _c04/03/1997 | ||
| 999 |
_c90659 _d90659 |
||